U.S. Competitiveness in Manufacturing

Gespeichert in:
Bibliographische Detailangaben
1. Verfasser: Ayres, Robert U.
Format: Buch
Sprache:Englisch
Veröffentlicht: Laxenburg International Institute for Applied Systems Analysis 1989
Ausgabe:1. ed.
Tags: Tag hinzufügen
Keine Tags, Fügen Sie das erste Tag hinzu!

MARC

LEADER 00000nam a2200000 4500
001 c036712
005 20221215114552.8
041 0 |a eng 
044 |a AT 
245 1 0 |a U.S. Competitiveness in Manufacturing  |c Robert U. Ayres 
250 |a 1. ed. 
264 1 |a Laxenburg  |b International Institute for Applied Systems Analysis  |c 1989 
300 |a 12 s. 
500 |a Separát z: Managerial and Decision Economics, Special Issue, Spring 1989 
100 1 |a Ayres, Robert U.